| 000 | 00560nam a2200181 a 4500 | ||
|---|---|---|---|
| 005 | 20210219153537.0 | ||
| 008 | 991125n 000 0 spa u | ||
| 035 | _aUPN01000105644 | ||
| 100 | _aLatapi, Eugenio | ||
| 222 |
_aEDUCACION : _bREVISTA MENSUAL |
||
| 245 | _aÿQué enfermedades de la piel obligarán a separar a los niños de la escuela para evitar contagios? | ||
| 300 | _a356-366 | ||
| 362 | _a1924 1, nos. 5-6, (ene.-feb., [1924]) | ||
| 653 | 0 | _aEDUCACION PRIMARIA | |
| 653 | 0 | _aHIGIENE ESCOLAR | |
| 904 |
_aAC _b043455 |
||
| 905 | _aArticulo | ||
| 999 |
_c79580 _d79580 |
||